01520nam a22002777a 450000500170000000800410001702000180005804000240007604100080010004400070010808200200011511000640013524502060019926000700040530000440047550400490051965000510056865000540061965000500067365000570072371000650078094200180084599900150086395201880087895201760106620160517122011.0140325t2007 ck abdogr|||| 00| 0 spa d a9789588332062 cCO-BoIHaCO-BoIAVH  aspa ack04a590.09861bC99p2 aCorporación Autónoma Regional del Valle del Cauca - CVC10aPlanes de manejo para 18 vertebrados amenazados del Departamento del Valle del CaucacCorporación Autónoma Regional del Valle del Cauca, Fundación EcoAndina Investigación para la Conservación3 aCalibCorporación Autónoma Regional del Valle del Caucac2007 a130 p.bil., fot., mapas, tablasc24 cm aIncluye bibliografía (páginas 125 - 130) 4aPecesvPlanxFaunazValle del Cauca (Colombia) 4aAnfibiosvPlanxFaunazValle del Cauca (Colombia) 4aAvesvPlanxFaunazValle del Cauca (Colombia) 4aMamíferosvPlanxFaunazValle del Cauca (Colombia)2 aFundación EcoAndina Investigación para la Conservación 2ddccLIBRO02 c8309d8309 00102ddc40708GENERALIINV2017aBogotabBogotad2014-03-25eInstitutog39000.00l2oLB-590.09861 C99pp034241r2015-02-25 00:00:00s2015-02-25tEj. 1w2014-03-25xDonaciónyLIBRO 00102ddc40708GENERALIINV2017aVenadobVenadod2015-08-25eInstitutog39000.00l0oLB-590.09861 C99pp038729r2015-08-25 00:00:00tEj. 2w2015-08-25xDonaciónyLIBRO